Normal view MARC view

Entry Topical Term

Number of records used in: 1

001 - CONTROL NUMBER

  • control field: 52126

003 - CONTROL NUMBER IDENTIFIER

  • control field: OSt

005 - DATE AND TIME OF LATEST TRANSACTION

  • control field: 20250417123624.0

008 - FIXED-LENGTH DATA ELEMENTS

  • fixed length control field: 250417|| aca||aabn | a|a d

040 ## - CATALOGING SOURCE

  • Original cataloging agency: OSt
  • Transcribing agency: OSt

150 ## - HEADING--TOPICAL TERM

  • Topical term or geographic name entry element: Police reforms, Abuse of power, Police complaint authority, Police accountability, Custodial violence.

670 ## - SOURCE DATA FOUND

  • Source citation: Work cat.: (OSt): Mathur, Priya and Jha, Mukesh Kumar 52125, Police complaints authority in India: Evaluating accountability and civilian control

Powered by Koha